[Event "27th Czech Open A 2016"]
[Site "Pardubice CZE"]
[Date "2016.07.23"]
[Round "2.1"]
[White "Girish, A. Koushik"]
[Black "Ganguly, Surya Shekhar"]
[Result "1/2-1/2"]
[WhiteTitle "IM"]
[BlackTitle "GM"]
[WhiteElo "2399"]
[BlackElo "2676"]
[WhiteFideId "5038448"]
[BlackFideId "5002150"]
[EventDate "2016.07.22"]

1. Nf3 d5 2. g3 g6 3. Bg2 Bg7 4. d4 c6 5. O-O Nf6 6. c4 dxc4 7. Na3 b5 8. Ne5
Qb6 9. e4 Nfd7 10. Nxd7 Nxd7 11. Be3 Bb7 12. e5 Qc7 13. b3 c3 14. b4 a5 15. Nc2
O-O 16. a3 Nb6 17. Qd3 Nd5 18. f4 Bc8 19. Bf2 Bf5 20. Be4 Qd7 21. Bxf5 Qxf5 22.
Qxf5 gxf5 23. Rfc1 e6 24. Be1 Rfd8 25. bxa5 Rxa5 26. Nb4 Nxb4 27. Bxc3 Ra4 28.
axb4 Rda8 29. Rxa4 Rxa4 30. Be1 Ra6 31. Kf2 Kf8 32. Bc3 Ra3 33. Bd2 Ra6 34. Bc3
Ke8 35. Ra1 Ra4 36. Ke3 Kd7 37. Kd3 Bf8 38. Rxa4 bxa4 39. Kc4 Kc7 40. Bb2 Kb6
41. Bc1 Be7 42. Bb2 h5 43. h4 f6 44. exf6 Bxf6 45. Bc1 1/2-1/2

[Event "27th Czech Open A 2016"]
[Site "Pardubice CZE"]
[Date "2016.07.23"]
[Round "2.2"]
[White "Movsesian, Sergei"]
[Black "Roubalik, Jakub"]
[Result "1-0"]
[WhiteTitle "GM"]
[WhiteElo "2666"]
[BlackElo "2397"]
[WhiteFideId "310204"]
[BlackFideId "322237"]
[EventDate "2016.07.22"]

1. e4 c5 2. Nf3 d6 3. d4 cxd4 4. Nxd4 Nf6 5. Nc3 a6 6. h3 e5 7. Nde2 h5 8. g3
Be6 9. Bg2 Nbd7 10. a4 Be7 11. b3 Qc7 12. Be3 h4 13. f4 Nf8 14. f5 Bd7 15. g4
Bc6 16. O-O N8d7 17. a5 Nc5 18. Nd5 Bxd5 19. exd5 Nh7 20. Qd2 Qd8 21. Bxc5 dxc5
22. d6 Bg5 23. Qd3 Qd7 24. Nc3 O-O 25. Na4 Rad8 26. Rad1 Qb5 27. Qxb5 axb5 28.
Nb6 Be3+ 29. Kh1 c4 30. Nd5 Bc5 31. Ne7+ Kh8 32. Bxb7 Rxd6 33. Rxd6 Bxd6 34. Nc6
Ng5 35. Kg2 Bc5 36. b4 1-0

[Event "27th Czech Open A 2016"]
[Site "Pardubice CZE"]
[Date "2016.07.23"]
[Round "2.3"]
[White "Kantsler, Boris"]
[Black "Laznicka, Viktor"]
[Result "1/2-1/2"]
[WhiteTitle "GM"]
[BlackTitle "GM"]
[WhiteElo "2395"]
[BlackElo "2654"]
[WhiteFideId "2805359"]
[BlackFideId "316385"]
[EventDate "2016.07.22"]

1. d4 f5 2. Nf3 Nf6 3. g3 g6 4. Bg2 Bg7 5. O-O O-O 6. b3 d6 7. Bb2 c6 8. Nbd2 a5
9. a3 Qc7 10. c4 Na6 11. Qc2 Re8 12. e4 fxe4 13. Nxe4 Nxe4 14. Qxe4 Bf5 15. Qe3
Rab8 16. Rac1 Qb6 17. Rfe1 Nc7 18. h3 Rbd8 19. Re2 e5 20. dxe5 Qxe3 21. fxe3
dxe5 22. e4 Bc8 23. Bc3 a4 24. Ba5 Rd7 25. bxa4 Ne6 26. Bb6 Bh6 27. Rc3 Rd1+ 28.
Kh2 Nd4 29. Rb2 Bg7 30. a5 h6 31. Bc7 Re7 32. Bb8 Kh7 33. Ba7 Be6 34. Bb8 Bc8
35. Ba7 g5 36. Bb8 Bf6 37. Ba7 h5 38. Bb8 Kg6 39. Rf2 Bg7 40. Rb2 Bf6 41. Rf2
Re8 42. Bc7 g4 43. Nh4+ Bxh4 44. gxh4 Re1 45. Rd3 gxh3 46. Bxh3 Bxh3 47. Kxh3
Rxe4 48. Rg3+ Rg4 49. Rxg4+ hxg4+ 50. Kxg4 e4 51. h5+ Kh7 52. Rf7+ Kg8 53. Rd7
c5 54. Bg3 Nc6 55. Rxb7 Nxa5 56. Rb5 Nxc4 1/2-1/2

[Event "27th Czech Open A 2016"]
[Site "Pardubice CZE"]
[Date "2016.07.23"]
[Round "2.4"]
[White "Kravtsiv, Martyn"]
[Black "Lomasov, Semen"]
[Result "1-0"]
[WhiteTitle "GM"]
[BlackTitle "FM"]
[WhiteElo "2631"]
[BlackElo "2395"]
[WhiteFideId "14113147"]
[BlackFideId "24164879"]
[EventDate "2016.07.22"]

1. e4 e6 2. d4 d5 3. Nc3 Nf6 4. e5 Nfd7 5. f4 c5 6. Nf3 Nc6 7. Be3 Be7 8. Qd2 b6
9. Be2 O-O 10. a3 f6 11. dxc5 Nxc5 12. exf6 Bxf6 13. Nd4 Bb7 14. O-O Rc8 15.
Rad1 Qe7 16. Nxc6 Bxc6 17. Bd4 Na4 18. Bxf6 Rxf6 19. Nxa4 Bxa4 20. Bd3 Bb5 21.
Qe2 Bxd3 22. Rxd3 Qf7 23. g3 Rc4 24. c3 Qg6 25. Re3 Rcxf4 26. Rxf4 Rxf4 27. Rxe6
Qb1+ 28. Qe1 Qxe1+ 29. Rxe1 Rf6 30. Re7 Rf7 31. Re8+ Rf8 32. Re5 Rd8 33. Kf2 d4
34. c4 Kf7 35. Ke2 Kf6 36. Re4 d3+ 37. Kd2 Rd7 38. Re3 Kf5 39. Rxd3 Rc7 40. Rd4
Ke5 41. Ke3 Rf7 42. Rd1 Rc7 43. b3 Ke6 44. a4 a6 45. Rd5 Rf7 46. Rd8 Ke5 47. Ra8
a5 48. Rd8 Rf6 49. Rd7 Rg6 50. Rd5+ Ke6 51. Rb5 Ke7 52. c5 bxc5 53. Rxa5 Rc6 54.
Kd3 h5 55. Kc4 Kd6 56. Rb5 g5 57. a5 Rc8 58. a6 h4 59. Rb6+ Ke5 60. a7 1-0

[Event "27th Czech Open A 2016"]
[Site "Pardubice CZE"]
[Date "2016.07.23"]
[Round "2.5"]
[White "Anurag, Mhamal"]
[Black "Nabaty, Tamir"]
[Result "1-0"]
[WhiteTitle "IM"]
[BlackTitle "GM"]
[WhiteElo "2392"]
[BlackElo "2622"]
[WhiteFideId "5024366"]
[BlackFideId "2809052"]
[EventDate "2016.07.22"]

1. Nf3 d5 2. g3 Nf6 3. Bg2 c6 4. O-O Bg4 5. d3 Nbd7 6. Nbd2 e5 7. h3 Bh5 8. e4
dxe4 9. dxe4 Bc5 10. Qe1 O-O 11. Nb3 Bb6 12. a4 a5 13. Bg5 h6 14. Be3 Bxf3 15.
Bxf3 Qc7 16. Qc3 Bxe3 17. Qxe3 Rfd8 18. Rfd1 b6 19. h4 Nf8 20. Be2 Rxd1+ 21.
Rxd1 Rd8 22. Rxd8 Qxd8 23. Nd2 N8d7 24. Nc4 Qc7 25. Qa3 Nc5 26. Nxa5 Nxa4 27.
Nc4 b5 28. Nd6 Nxb2 29. Qa8+ Kh7 30. Qf8 Qd7 31. Nf5 Ne8 32. Bh5 g6 33. Ne7 Nf6
34. Qxf7+ 1-0

[Event "27th Czech Open A 2016"]
[Site "Pardubice CZE"]
[Date "2016.07.23"]
[Round "2.6"]
[White "Kononenko, Dmitry1"]
[Black "Tunik, Gennady"]
[Result "1/2-1/2"]
[WhiteTitle "GM"]
[BlackTitle "GM"]
[WhiteElo "2621"]
[BlackElo "2390"]
[WhiteFideId "14113007"]
[BlackFideId "4101219"]
[EventDate "2016.07.22"]

1. e4 c5 2. Nf3 e6 3. d4 cxd4 4. Nxd4 a6 5. c4 Nf6 6. Nc3 Qc7 7. a3 b6 8. Be3
Bb7 9. f3 d6 10. Be2 Be7 11. O-O O-O 12. Qd2 Nbd7 13. b4 Rfc8 14. Rfc1 Qd8 15.
Rab1 Rab8 16. Bf1 h6 17. Nb3 Ne5 18. c5 dxc5 19. Qxd8+ Bxd8 20. bxc5 b5 21. a4
b4 22. Nd1 Nc6 23. Bf4 e5 24. Be3 Bc7 25. Nb2 Rd8 26. Nc4 Nh7 27. Nb6 Nf8 28.
Bc4 Ne6 29. Bd5 Re8 30. Rc4 Rbd8 31. Bxc6 Bxc6 32. Rxb4 Rd3 33. Kf2 Rc3 34. Rc1
Rxc1 35. Bxc1 a5 36. Rc4 Nxc5 37. Be3 Bxb6 38. Bxc5 Bd8 39. Bd6 Bd7 40. Nc5 Bb6
41. Ke2 Rc8 42. Kd3 Rc6 43. Nb7 Rxc4 44. Kxc4 Bxa4 45. Bxe5 Bc6 46. Nc5 Bxc5 1/2-1/2

[Event "27th Czech Open A 2016"]
[Site "Pardubice CZE"]
[Date "2016.07.23"]
[Round "2.7"]
[White "Batchimeg, Tuvshintugs"]
[Black "Gopal, G.N."]
[Result "0-1"]
[WhiteTitle "IM"]
[BlackTitle "GM"]
[WhiteElo "2391"]
[BlackElo "2565"]
[WhiteFideId "4900839"]
[BlackFideId "5015693"]
[EventDate "2016.07.22"]

1. d4 Nf6 2. c4 g6 3. Nc3 d5 4. cxd5 Nxd5 5. e4 Nxc3 6. bxc3 Bg7 7. Be3 c5 8.
Nf3 O-O 9. Rc1 Qa5 10. Qd2 Nd7 11. Bh6 Nf6 12. Bxg7 Kxg7 13. Bd3 Bg4 14. Ne5
Rad8 15. d5 Bc8 16. c4 Qxd2+ 17. Kxd2 e6 18. Rhe1 Ne8 19. f4 Nd6 20. Nf3 exd5
21. cxd5 f5 22. Rxc5 fxe4 23. Bxe4 Rxf4 24. Bd3 h6 25. Rc7+ Rf7 26. Rxf7+ Nxf7
27. Bc4 b5 28. Bxb5 Rxd5+ 29. Bd3 Bf5 30. Re3 Nd6 31. Kc3 Kf6 32. Bxf5 Nxf5 33.
Re4 Nd6 34. Rf4+ Ke7 35. a4 g5 36. Rd4 Ke6 37. Rb4 Rd1 38. Rb2 Ne4+ 39. Kc4 Nd6+
40. Kc5 Rc1+ 41. Kb4 a5+ 42. Kb3 Ne4 43. Re2 Kd5 44. Kb2 Rd1 45. Re3 g4 46. Nh4
Rf1 47. Rb3 Kc4 48. Rb6 h5 49. Rb5 Rf2+ 50. Ka3 Nc3 51. Rb2 Rf1 0-1

[Event "27th Czech Open A 2016"]
[Site "Pardubice CZE"]
[Date "2016.07.23"]
[Round "2.8"]
[White "Khaetsky, Roman"]
[Black "Stocek, Jiri"]
[Result "1/2-1/2"]
[WhiteTitle "IM"]
[BlackTitle "GM"]
[WhiteElo "2385"]
[BlackElo "2550"]
[WhiteFideId "14106221"]
[BlackFideId "304760"]
[EventDate "2016.07.22"]

1. e4 d6 2. d4 Nf6 3. Nc3 g6 4. g3 Bg7 5. Bg2 O-O 6. Nge2 Nbd7 7. h3 Rb8 8. a4
c5 9. Be3 b6 10. O-O a6 11. g4 cxd4 12. Bxd4 Bb7 13. Ng3 e6 14. g5 Ne8 15. Bxg7
Kxg7 16. f4 e5 17. Qd2 exf4 18. Rxf4 f6 19. h4 fxg5 20. hxg5 Rxf4 21. Qxf4 Ne5
22. Rf1 Nc7 23. Qh4 Qe7 24. Nd5 Bxd5 25. exd5 Rf8 26. Rxf8 Kxf8 27. c4 h5 28. b4
Ng4 29. Nf1 Qe5 30. Qg3 Ke7 31. Qxe5+ Nxe5 32. Nd2 a5 33. b5 Ne8 34. Be4 Ng7 35.
Nf3 Nxf3+ 36. Bxf3 Nf5 37. Be4 Ne3 38. Bd3 h4 39. Be2 Nc2 40. Kg2 Nd4 41. Bd3
Kf7 42. Be4 Nb3 43. Kh3 Nd2 44. Bc2 Nf3 45. Kg4 Ne5+ 46. Kxh4 Nxc4 47. Kg3 Ne5 1/2-1/2

[Event "27th Czech Open A 2016"]
[Site "Pardubice CZE"]
[Date "2016.07.23"]
[Round "2.9"]
[White "Cerveny, Martin"]
[Black "Lintchevski, Daniil"]
[Result "1-0"]
[WhiteTitle "IM"]
[BlackTitle "GM"]
[WhiteElo "2384"]
[BlackElo "2548"]
[WhiteFideId "321141"]
[BlackFideId "4171055"]
[EventDate "2016.07.22"]

1. d4 Nf6 2. Nf3 d5 3. c4 c6 4. e3 Bg4 5. cxd5 Bxf3 6. Qxf3 cxd5 7. Nc3 e6 8.
Bd3 Nc6 9. O-O Be7 10. Bd2 O-O 11. Qe2 Rc8 12. Rac1 a6 13. Rfd1 Na5 14. Be1 Nc4
15. e4 b5 16. e5 Nd7 17. b3 Na3 18. Qh5 g6 19. Qg4 Nb8 20. Ne2 Nc6 21. Bd2 Re8
22. h4 Bxh4 23. g3 Be7 24. Kg2 Nb4 25. Bxg6 fxg6 26. Nf4 Bf8 27. Nxg6 Bg7 28.
Bxb4 Nc2 29. Bd6 hxg6 30. Qxg6 Qd7 31. Rxc2 Rxc2 32. Qxc2 Rc8 33. Bc5 1-0

[Event "27th Czech Open A 2016"]
[Site "Pardubice CZE"]
[Date "2016.07.23"]
[Round "2.10"]
[White "Babula, Vlastimil"]
[Black "Konguvel, Ponnuswamy"]
[Result "0-1"]
[WhiteTitle "GM"]
[BlackTitle "IM"]
[WhiteElo "2540"]
[BlackElo "2379"]
[WhiteFideId "301264"]
[BlackFideId "5000548"]
[EventDate "2016.07.22"]

1. d4 Nf6 2. c4 g6 3. Nc3 d5 4. cxd5 Nxd5 5. e4 Nxc3 6. bxc3 Bg7 7. Nf3 c5 8. h3
cxd4 9. cxd4 Nc6 10. Be3 Qa5+ 11. Bd2 Qd8 12. d5 Ne5 13. Be2 Nxf3+ 14. Bxf3 Bxa1
15. Qxa1 O-O 16. Bh6 Qa5+ 17. Kf1 f6 18. Bxf8 Kxf8 19. g3 Bd7 20. Kg2 Rc8 21. d6
Rc2 22. dxe7+ Kxe7 23. Qd4 Qc5 24. Qxc5+ Rxc5 25. e5 b6 26. exf6+ Kxf6 27. Rd1
Be6 28. a4 Rc4 29. a5 bxa5 30. Rd6 Ke5 31. Ra6 a4 32. g4 Bd7 33. Rxa7 Rd4 34.
Kg3 Rd3 35. Ra5+ Kd4 36. Kf4 Kc3 37. Ra7 Bb5 38. Rxh7 g5+ 0-1

[Event "27th Czech Open A 2016"]
[Site "Pardubice CZE"]
[Date "2016.07.23"]
[Round "2.11"]
[White "Kourousis, Epaminondas"]
[Black "Zakhartsov, Viacheslav V."]
[Result "1/2-1/2"]
[WhiteTitle "IM"]
[BlackTitle "GM"]
[WhiteElo "2382"]
[BlackElo "2532"]
[WhiteFideId "4211626"]
[BlackFideId "4115333"]
[EventDate "2016.07.22"]

1. d4 Nf6 2. c4 e6 3. Nf3 b6 4. g3 Ba6 5. Qa4 Bb7 6. Bg2 c5 7. dxc5 bxc5 8. O-O
Be7 9. Rd1 O-O 10. Bf4 Qb6 11. Nc3 d6 12. Rd2 h6 13. h3 e5 14. Be3 Nc6 15. Rb1
Nd4 16. b4 Bc6 17. Qd1 Qc7 18. bxc5 dxc5 19. Nb5 Nxb5 20. cxb5 Be4 21. Rc1 c4
22. Qa4 c3 23. Rdd1 Rfc8 24. h4 c2 25. Rd2 Qc3 26. Ne1 Rc4 27. Qb3 Qxb3 28. axb3
Rb4 29. Rdxc2 Rxb5 30. Rc8+ Rxc8 31. Rxc8+ Kh7 32. Rc7 Bb4 33. Bxe4+ Nxe4 34.
Nd3 a5 35. Rxf7 Bc3 36. Re7 Kg6 37. g4 Kf6 38. Rc7 Rxb3 39. f3 Nd6 40. Rc6 Ke7
41. Rc7+ Kf6 42. Nc5 Rb1+ 43. Kg2 Bd4 44. Nd7+ Ke6 45. Bxd4 exd4 46. Nc5+ Kf6
47. Nd7+ Ke6 48. Nc5+ Kf6 49. Nd7+ Ke6 50. Nc5+ Ke5 1/2-1/2

[Event "27th Czech Open A 2016"]
[Site "Pardubice CZE"]
[Date "2016.07.23"]
[Round "2.12"]
[White "Boruchovsky, Avital"]
[Black "Soumya, Swaminathan"]
[Result "1-0"]
[WhiteTitle "GM"]
[BlackTitle "WGM"]
[WhiteElo "2531"]
[BlackElo "2370"]
[WhiteFideId "2800055"]
[BlackFideId "5016193"]
[EventDate "2016.07.22"]

1. e4 c5 2. Nf3 Nc6 3. Bb5 e6 4. O-O Nge7 5. Re1 a6 6. Bf1 d5 7. exd5 Nxd5 8. d4
Be7 9. dxc5 Bxc5 10. c4 Ndb4 11. Qb3 Nd4 12. Nxd4 Qxd4 13. Be3 Qd6 14. Nc3 Bxe3
15. Rxe3 O-O 16. Rd1 Qe7 17. a3 Nc6 18. Nd5 Qc5 19. Qb6 Qxb6 20. Nxb6 Rb8 21. b4
Re8 22. b5 Ne7 23. g3 Kf8 24. Bg2 Ng8 25. Re5 Nf6 26. a4 axb5 27. cxb5 Nd5 28.
Nxd5 exd5 29. Rxe8+ Kxe8 30. Bxd5 b6 31. Re1+ Kf8 32. Rc1 Bb7 33. Bg2 g6 34. g4
Bc8 35. g5 Be6 36. Rc7 Bb3 37. Ra7 Rd8 38. h4 Rd1+ 39. Kh2 Bd5 40. Rd7 Bf3 41.
Rxd1 Bxd1 42. a5 1-0

[Event "27th Czech Open A 2016"]
[Site "Pardubice CZE"]
[Date "2016.07.23"]
[Round "2.13"]
[White "Kvetny, Mark"]
[Black "Novikov, Stanislav"]
[Result "1/2-1/2"]
[WhiteTitle "FM"]
[BlackTitle "GM"]
[WhiteElo "2379"]
[BlackElo "2528"]
[WhiteFideId "24603929"]
[BlackFideId "4125371"]
[EventDate "2016.07.22"]

1. d4 d5 2. c4 e6 3. Nc3 c6 4. Nf3 dxc4 5. Bg5 Be7 6. Bxe7 Nxe7 7. a4 Nd5 8. a5
b5 9. axb6 Qxb6 10. Na4 Qa5+ 11. Nd2 Nd7 12. e3 e5 13. Bxc4 exd4 14. exd4 O-O
15. O-O N7f6 16. Qc2 Nf4 17. Nc5 Qd8 18. Qc3 N6d5 19. Qf3 Qf6 20. Bxd5 cxd5 21.
Nd3 Nxd3 22. Qxd3 Bf5 23. Qe3 Rfe8 24. Rxa7 Rac8 25. Qf4 Bd3 26. Qxf6 gxf6 27.
Rfa1 Rc2 28. Nf1 Bxf1 29. Rxf1 Re4 30. Rb7 Rxd4 31. g3 Rdd2 32. b4 Rb2 33. Kg2
Rd4 34. b5 Rdb4 35. Rd1 Rxb5 36. Rd7 Kg7 37. R7xd5 Rxd5 38. Rxd5 1/2-1/2

[Event "27th Czech Open A 2016"]
[Site "Pardubice CZE"]
[Date "2016.07.23"]
[Round "2.14"]
[White "Cvek, Robert"]
[Black "Spalir, Jernej"]
[Result "1-0"]
[WhiteTitle "GM"]
[BlackTitle "FM"]
[WhiteElo "2522"]
[BlackElo "2364"]
[WhiteFideId "307424"]
[BlackFideId "14606518"]
[EventDate "2016.07.22"]

1. c4 e6 2. d4 Nf6 3. Nc3 d5 4. cxd5 exd5 5. Bg5 Be7 6. e3 c6 7. Bd3 Nbd7 8. Nf3
Ne4 9. Bxe7 Qxe7 10. Qc2 Ndf6 11. Bxe4 Nxe4 12. Nxe4 dxe4 13. Nd2 f5 14. Rc1 Be6
15. Qc5 Bd5 16. a4 a5 17. h4 Ra6 18. Ke2 Qxc5 19. Rxc5 Ke7 20. b3 Rha8 21. f3
exf3+ 22. gxf3 Rb6 23. e4 Be6 24. Rg1 Kf7 25. d5 cxd5 26. exd5 Rc8 27. Rb5 Rd6
28. Nc4 1-0

[Event "27th Czech Open A 2016"]
[Site "Pardubice CZE"]
[Date "2016.07.23"]
[Round "2.15"]
[White "Sindarov, Javokhir"]
[Black "Alsina Leal, Daniel"]
[Result "1/2-1/2"]
[WhiteTitle "CM"]
[BlackTitle "GM"]
[WhiteElo "2374"]
[BlackElo "2521"]
[WhiteFideId "14205483"]
[BlackFideId "2252627"]
[EventDate "2016.07.22"]

1. e4 c5 2. Nc3 Nc6 3. g3 g6 4. Bg2 Bg7 5. d3 d6 6. Be3 Nd4 7. Nh3 Nf6 8. O-O
O-O 9. Nf4 Rb8 10. a4 a6 11. Ncd5 Nxd5 12. Nxd5 e6 13. Nf4 b5 14. c3 Nc6 15.
axb5 Rxb5 16. Qc2 a5 17. Rad1 Qb6 18. Bc1 Ba6 19. Ne2 Rb8 20. f4 Rxb2 21. Bxb2
Qxb2 22. Qd2 Qxd2 23. Rxd2 e5 24. f5 Bh6 25. Rdd1 c4 26. dxc4 Be3+ 27. Kh1 Bc5
28. Rb1 Bxc4 29. Rxb8+ Nxb8 30. Rb1 Nd7 31. Nc1 a4 32. Bf3 gxf5 33. exf5 Nb6 34.
Kg2 a3 35. Bd1 Nd5 36. Be2 Ne3+ 37. Kh3 a2 38. Ra1 Bd5 39. c4 Bg2+ 40. Kh4 Nxf5+
41. Kg5 Nd4 42. Rxa2 Kg7 43. Bd3 Bf3 44. Be2 Bb7 45. Kh4 e4 46. g4 Kf6 47. Bd1
Ke5 48. Kg3 f5 49. gxf5 Nxf5+ 50. Kh3 Bc8 51. Bg4 Be6 52. Ra8 Bxc4 53. Re8+ Be6
54. Nb3 Bb6 55. Nd2 d5 56. Nf1 Bc5 57. Rxe6+ Kxe6 58. Ng3 Ke5 59. Bxf5 h6 60.
Kg2 Be7 61. Bg6 Bh4 62. Nxe4 dxe4 63. Kf1 e3 64. Ke2 Kf4 65. Be8 Bf2 66. Bd7 h5
67. h3 Ke5 1/2-1/2

[Event "27th Czech Open A 2016"]
[Site "Pardubice CZE"]
[Date "2016.07.23"]
[Round "2.16"]
[White "Demidov, Mikhail"]
[Black "Kulkarni, Bhakti"]
[Result "1/2-1/2"]
[WhiteTitle "IM"]
[BlackTitle "CM"]
[WhiteElo "2514"]
[BlackElo "2363"]
[WhiteFideId "4197143"]
[BlackFideId "5019516"]
[EventDate "2016.07.22"]

1. d4 d5 2. c4 Nc6 3. Nf3 Bg4 4. e3 e6 5. h3 Bh5 6. Nc3 Nf6 7. Qb3 Rb8 8. cxd5
Bxf3 9. gxf3 exd5 10. Bg2 Bb4 11. Bd2 O-O 12. a3 Bxc3 13. Qxc3 Ne7 14. Rc1 c6
15. Qa5 Qxa5 16. Bxa5 Nf5 17. O-O Rbc8 18. Rfd1 Nh4 19. Bh1 Rfe8 20. f4 Ne4 21.
Rd3 Nd6 22. b3 Re6 23. Bb4 Ne4 24. Be1 Nd6 25. a4 Rce8 26. Rc2 h6 27. Bb4 Ne4
28. Be1 Nd6 29. Bb4 Ne4 1/2-1/2

[Event "27th Czech Open A 2016"]
[Site "Pardubice CZE"]
[Date "2016.07.23"]
[Round "2.17"]
[White "Kovalev, Andrei"]
[Black "Erenberg, Ariel"]
[Result "1/2-1/2"]
[WhiteTitle "GM"]
[BlackTitle "FM"]
[WhiteElo "2513"]
[BlackElo "2359"]
[WhiteFideId "13500023"]
[BlackFideId "2811634"]
[EventDate "2016.07.22"]

1. e4 c5 2. Nf3 e6 3. d4 cxd4 4. Nxd4 Nc6 5. Nc3 Qc7 6. Be3 a6 7. a3 b5 8. Nxc6
dxc6 9. Qf3 e5 10. Qg3 Nf6 11. Be2 h5 12. f3 Be6 13. O-O h4 14. Qf2 Be7 15. Rfd1
Nh5 16. a4 b4 17. Nb1 Nf4 18. Bf1 c5 19. Nd2 O-O 20. Bc4 Rfd8 21. Bxf4 exf4 22.
Bxe6 fxe6 23. Nc4 Bf6 24. Kf1 Rd4 25. Qe2 Rad8 26. Rxd4 Bxd4 27. e5 Qe7 28. Rd1
Qg5 29. Rd3 h3 30. c3 bxc3 31. bxc3 Rb8 32. Rd1 Bxc3 33. gxh3 Rb4 34. h4 Qxh4
35. Kg2 Bd4 36. Kh1 Qf2 37. Qxf2 Bxf2 38. Rd8+ Kh7 39. Nd6 Bd4 40. Re8 Bxe5 41.
Ne4 Rxa4 42. Rxe6 Bf6 43. Nxc5 Ra1+ 44. Kg2 a5 45. Ne4 Kg6 46. Nxf6 gxf6 47. Ra6
Ra2+ 48. Kh3 Kg5 49. Ra8 Kf5 50. Ra6 Ke5 51. Rb6 f5 52. Rb5+ Kd4 53. Rxf5 Ke3
54. Kg4 Rg2+ 55. Kh3 Kxf3 56. Rxa5 Re2 57. Ra3+ Re3 58. Ra2 Rd3 59. Kh4 Ke3 60.
Kg4 f3 61. Kg3 Rd8 62. Ra3+ Ke2 63. Ra2+ Ke3 64. Ra3+ Ke2 1/2-1/2

[Event "27th Czech Open A 2016"]
[Site "Pardubice CZE"]
[Date "2016.07.23"]
[Round "2.18"]
[White "Ponizil, Cyril"]
[Black "Tomazini, Aljosa"]
[Result "1/2-1/2"]
[WhiteTitle "IM"]
[BlackTitle "FM"]
[WhiteElo "2510"]
[BlackElo "2359"]
[WhiteFideId "322202"]
[BlackFideId "14608154"]
[EventDate "2016.07.22"]

1. e4 c5 2. Nf3 e6 3. d4 cxd4 4. Nxd4 Nc6 5. Nc3 Qc7 6. Be3 a6 7. Be2 b5 8. O-O
Bb7 9. Nxc6 Bxc6 10. Qd4 Nf6 11. e5 Nd5 12. Nxd5 Bxd5 13. a4 b4 14. f4 a5 15. f5
Rc8 16. c4 bxc3 17. Rac1 c2 18. Rf2 Bc5 19. Qf4 Bxe3 20. Qxe3 exf5 21. Bd3 Qc5
22. Qxc5 Rxc5 23. Rfxc2 Rxc2 24. Rxc2 Ke7 25. Rc5 Bc6 26. Rxa5 Rb8 27. Bb5 Bxb5
28. Rxb5 Rxb5 29. axb5 Kd8 30. Kf2 Kc7 31. Ke3 g5 32. Kd4 Kb6 33. Kc4 Kb7 34.
Kc5 Kc7 35. h4 h6 36. hxg5 hxg5 37. Kd5 Kb6 38. Kc4 Kc7 39. Kc5 Kb7 40. Kd5 Kb6
41. Kc4 Ka7 42. Kc5 Kb7 43. Kd4 1/2-1/2

[Event "27th Czech Open A 2016"]
[Site "Pardubice CZE"]
[Date "2016.07.23"]
[Round "2.19"]
[White "Sabuk, Piotr"]
[Black "Schlosser, Philipp"]
[Result "1/2-1/2"]
[WhiteTitle "IM"]
[BlackTitle "GM"]
[WhiteElo "2363"]
[BlackElo "2509"]
[WhiteFideId "1137565"]
[BlackFideId "4600169"]
[EventDate "2016.07.22"]

1. d4 Nf6 2. c4 e6 3. g3 Bb4+ 4. Bd2 a5 5. Bg2 O-O 6. e3 d5 7. Ne2 b6 8. O-O Ba6
9. Bxb4 axb4 10. Nd2 c5 11. Re1 Nbd7 12. Nf4 dxc4 13. Bxa8 Qxa8 14. a3 c3 15.
bxc3 bxc3 16. Nf1 Rc8 17. Rc1 e5 18. Ne2 cxd4 19. exd4 Nd5 20. Ne3 Bxe2 21. Rxe2
exd4 22. Qxd4 N7f6 23. a4 h6 24. Nd1 Qa6 25. Rec2 Rc4 26. Qd3 Qc8 27. Rxc3 Nxc3 1/2-1/2

[Event "27th Czech Open A 2016"]
[Site "Pardubice CZE"]
[Date "2016.07.23"]
[Round "2.20"]
[White "Drnovsek, Gal"]
[Black "Krejci, Jan2"]
[Result "1/2-1/2"]
[WhiteTitle "FM"]
[BlackTitle "GM"]
[WhiteElo "2359"]
[BlackElo "2504"]
[WhiteFideId "14607077"]
[BlackFideId "322156"]
[EventDate "2016.07.22"]

1. d4 Nf6 2. c4 e6 3. Nc3 Bb4 4. Qc2 d5 5. cxd5 exd5 6. Bg5 h6 7. Bh4 c5 8. dxc5
O-O 9. e3 Be6 10. Nf3 Nbd7 11. Be2 Rc8 12. a3 Bxc5 13. O-O Be7 14. Rac1 g5 15.
Bg3 Ne4 16. Qd3 Ndc5 17. Qd1 Nxg3 18. hxg3 Bf6 19. Nb5 Qb6 20. b4 Ne4 21. Qd3
Rc4 22. Nbd4 Rfc8 23. Rxc4 Rxc4 24. Nd2 Nxd2 25. Qxd2 Rc8 1/2-1/2

[Event "27th Czech Open A 2016"]
[Site "Pardubice CZE"]
[Date "2016.07.23"]
[Round "2.21"]
[White "Wenninger, Philipp"]
[Black "Yuffa, Daniil"]
[Result "1/2-1/2"]
[BlackTitle "IM"]
[WhiteElo "2356"]
[BlackElo "2502"]
[WhiteFideId "4648404"]
[BlackFideId "24131423"]
[EventDate "2016.07.22"]

1. d4 Nf6 2. c4 c5 3. d5 g6 4. Nc3 Bg7 5. e4 O-O 6. Be3 d6 7. f3 e6 8. Nge2 exd5
9. cxd5 a6 10. a4 Re8 11. Nc1 Nh5 12. g4 Nf6 13. Be2 Nbd7 14. O-O h5 15. h3 Nh7
16. Qe1 hxg4 17. hxg4 Rb8 18. Nb3 g5 19. Qd2 Ne5 20. Kf2 Qf6 21. Kg3 Ng6 22. Rh1
Nh4 23. Na5 Qd8 24. Nc4 b5 25. axb5 axb5 26. Na5 b4 27. Nc6 bxc3 28. bxc3 Be5+
29. f4 Nf6 30. Ra4 gxf4+ 31. Bxf4 Nh5+ 32. Kf2 Bxf4 33. Nxd8 Bxd2 34. Nc6 Bxg4
35. Rxh4 Bxe2 36. Kxe2 Rb2 37. Rxh5 Bxc3+ 38. Kd3 Bf6 39. e5 Rxe5 40. Nxe5 Bxe5
41. Rg5+ Kf8 42. Ra7 Rf2 43. Kc4 Rf4+ 44. Kb5 Rf6 45. Ra8+ Ke7 46. Ra7+ Kf8 47.
Kc6 c4 48. Ra8+ Ke7 49. Ra7+ Kf8 50. Rxe5 dxe5+ 51. d6 c3 52. Ra8+ Kg7 53. Ra2
Rf4 54. d7 Rd4 55. Kc7 Kf6 56. d8=Q+ Rxd8 57. Kxd8 e4 58. Rc2 Ke5 59. Rxc3 f5
60. Rc5+ Ke6 61. Rc6+ Kd5 62. Kd7 f4 63. Rd6+ Ke5 64. Re6+ Kd4 65. Rd6+ Ke3 66.
Ke6 f3 67. Ke5 f2 68. Rf6 Ke2 69. Kxe4 f1=Q 70. Rxf1 Kxf1 71. Ke5 1/2-1/2

[Event "27th Czech Open A 2016"]
[Site "Pardubice CZE"]
[Date "2016.07.23"]
[Round "2.22"]
[White "Belyakov, Bogdan"]
[Black "Sanders, Isaac B"]
[Result "1-0"]
[WhiteTitle "IM"]
[BlackTitle "FM"]
[WhiteElo "2488"]
[BlackElo "2352"]
[WhiteFideId "24104795"]
[BlackFideId "417661"]
[EventDate "2016.07.22"]

1. g3 e5 2. Bg2 Nc6 3. Nc3 f5 4. e3 Nf6 5. d4 e4 6. Nh3 d5 7. Nf4 Bb4 8. Bd2 Ne7
9. Nxe4 fxe4 10. Bxb4 Bg4 11. f3 exf3 12. Bxf3 Bxf3 13. Qxf3 Qd7 14. Bxe7 Qxe7
15. O-O-O c6 16. Rhf1 O-O 17. Rde1 Rae8 18. Nd3 Nd7 19. Qe2 Rxf1 20. Qxf1 Rf8
21. Qe2 Qe4 22. Kd2 Rf5 23. Rf1 Nf6 24. Nc5 Rxf1 25. Qxf1 Qe7 26. Qf5 Ne4+ 27.
Nxe4 dxe4 28. a3 g6 29. Qf4 a5 30. c4 a4 31. c5 Qd8 32. Qxe4 Qa5+ 33. Kc2 Qe1
34. Qf3 Qg1 35. Qe2 Kg7 36. Kc3 1-0